000 00892 a2200241 4500
003 Nust
005 20221130134400.0
010 _a 96031759
020 _a1563965445 (acid-free paper)
040 _cNust
082 0 0 _a530.1,QUA
245 0 0 _aQuantum physics, chaos theory, and cosmology /
_ceditors, Mikio Namiki ... [et al.].
260 _aWoodbury, N.Y. :
_bAmerican Institute of Physics,
_cc1996.
300 _ax, 311 p. :
_bill. ;
_c24 cm.
505 _aPart One: Quantum Theory and Cosmology (Page-3), Part Two: Experimental Approaches (Page-101), Part Three: Chaos Dephasing and Quantum Measurements (Page-227).
650 0 _aChaotic behavior in systems.
_927016
650 0 _aCosmology.
650 0 _aPhysical measurements.
650 0 _aQuantum theory.
_9177
650 0 _aSpace and time.
_932384
700 1 _aNamiki, Mikio,
_d1925-
_9103827
942 _2ddc
_cBK
_k530.1,QUA
999 _c180765
_d180765